| 000 | 01295nam a2200313 c 4500 | ||
|---|---|---|---|
| 001 | 000030483 | ||
| 003 | RuMoIPM | ||
| 005 | 20260505132958.0 | ||
| 008 | 090525s2009 ru a||||||||||||||||rus d | ||
| 020 | _a978-5-397-00262-2 | ||
| 035 | _a(RuMoBEN) 000018571 | ||
| 035 | _a(RuMoBEN Bibliobus) 044842 | ||
| 040 |
_aRuMoBEN _brus _ercr |
||
| 041 | _arus | ||
| 044 | _aru | ||
| 080 | _a930.85 | ||
| 080 | _a001.891.573 | ||
| 080 | _a930.1 | ||
| 080 | _a51 | ||
| 080 | _a930 | ||
| 245 | 0 | 0 |
_aПроблемы математической истории _bоснования, информационные ресурсы, анализ данных : [сборник статей] _cИн-т прикладной математики им. М. В. Келдыша РАН ; отв. ред. Г. Г. Малинецкий, А. В. Коротаев |
| 260 |
_aМосква _bURSS _bЛиброком _c2009 |
||
| 300 |
_a256 с. _bил., портр. |
||
| 504 | _aБиблиогр. в конце ст. | ||
| 700 | 0 |
_aМалинецкий, Георгий Геннадьевич _eред. |
|
| 700 | 0 |
_aКоротаев, Андрей Витальевич _eред. |
|
| 710 | 2 | _aИнститут прикладной математики им. М. В. Келдыша (Москва) | |
| 942 | _cBK | ||
| 999 |
_c30483 _d30483 |
||